000 00280nam a2200121Ia 4500
005 20251222155037.0
008 251222s9999||||xx |||||||||||||| ||spa||
082 _aCIE 01.1
100 _aROVIRA, Jaime.
245 0 _a1 El Mundo de la Quimica
264 _bNo tiene
942 _cLIB
999 _c36783
_d36783